000 00587nam a22002057a 4500
003 UA-OsUOA
001 55468
007 ta
008 20080916b un ||||| |||| 00| 0 ukr d
090 _a330
942 _cSA
040 _aUA-OsUOA
_bukr
_cUA-OsUOA
_dUA-OsUOA
245 _aКомерційні банки: підсумки діяльності за перше півріччя 2008 року
300 _aС.3-4
955 _a0
041 _aukr
080 _a330
773 0 _w55466
_tУкраїна- business
_dК.
_d2008
_g43
650 7 _a330 Економіка взагалі
_2UDC
999 _c341508
_d341508